[Event "DVM U20w 2020"]
[Site "Willingen GER"]
[Date "2021.06.26"]
[Round "6"]
[White "Riegel, Arinna"]
[Black "Schneider, Anna"]
[Result "1/2-1/2"]
[Termination "normal"]
[Board "4.3"]
[WhiteElo "1881"]
[BlackElo "1714"]
[WhiteClock "00:05:59"]
[BlackClock "00:15:31"]
[WhiteTeam "SK Langen"]
[BlackTeam "OSG Baden-Baden"]
[PlyCount "59"]
[WhiteFideId "12931446"]
[BlackFideId "16200527"]
[EventCountry "GER"]
[EventRounds "7"]
[EventType "team-swiss"]
[EventDate "2021.06.23"]

1. d4 {[%clk 01:30:51]  [%emt 00:00:09]} 1... d5 { [%clk 01:30:56]  [%emt
00:00:05]} 2. Nf3 {[%clk 01:31:16]  [%emt 00:00:05]} 2... e6 {[%clk 01:31:17] 
[%emt 00:00:09]} 3. g3 { [%clk 01:31:14]  [%emt 00:00:32]} 3... c5 {[%clk
01:31:16]  [%emt 00:00:31]} 4. Bg2 {[%clk 01:31:18]  [%emt 00:00:26]} 4... Nc6
{ [%clk 01:31:15]  [%emt 00:00:31]} 5. O-O {[%clk 01:31:22]  [%emt 00:00:26]}
5... Nf6 {[%clk 01:30:08]  [%emt 00:01:37]} 6. c4 { [%clk 01:28:37]  [%emt
00:03:15]} 6... cxd4 {[%clk 01:26:13]  [%emt 00:04:25]} 7. Nxd4 {[%clk
01:26:25]  [%emt 00:02:42]} 7... Nxd4 { [%clk 01:22:14]  [%emt 00:04:29]} 8.
Qxd4 {[%clk 01:26:33]  [%emt 00:00:22]} 8... Be7 {[%clk 01:21:24]  [%emt
00:01:20]} 9. Nc3 { [%clk 01:26:04]  [%emt 00:00:58]} 9... dxc4 {[%clk
01:15:38]  [%emt 00:06:16]} 10. Qxc4 {[%clk 01:22:17]  [%emt 00:04:18]} 10...
O-O { [%clk 01:14:10]  [%emt 00:01:58]} 11. Rd1 {[%clk 01:19:09]  [%emt
00:03:38]} 11... Qb6 {[%clk 01:08:32]  [%emt 00:06:08]} 12. Rb1 { [%clk
01:11:07]  [%emt 00:08:30]} 12... Rd8 {[%clk 00:58:09]  [%emt 00:10:55]} 13.
Be3 {[%clk 01:09:43]  [%emt 00:01:53]} 13... Rxd1+ { [%clk 00:56:09]  [%emt
00:02:31]} 14. Nxd1 {[%clk 01:03:38]  [%emt 00:06:35]} 14... Qb4 {[%clk
00:50:23]  [%emt 00:06:15]} 15. Qxb4 { [%clk 00:45:04]  [%emt 00:19:05]} 15...
Bxb4 {[%clk 00:50:47]  [%emt 00:00:06]} 16. a3 {[%clk 00:45:25]  [%emt
00:00:08]} 16... Bd6 { [%clk 00:46:48]  [%emt 00:04:29]} 17. Nc3 {[%clk
00:44:34]  [%emt 00:01:21]} 17... Ng4 {[%clk 00:41:33]  [%emt 00:05:46]} 18.
Rd1 { [%clk 00:36:26]  [%emt 00:08:38]} 18... Be7 {[%clk 00:40:33]  [%emt
00:01:30]} 19. Bc1 {[%clk 00:34:55]  [%emt 00:02:01]} 19... a6 { [%clk
00:34:46]  [%emt 00:06:16]} 20. h3 {[%clk 00:31:25]  [%emt 00:04:01]} 20... Ne5
{[%clk 00:34:10]  [%emt 00:01:06]} 21. Bf4 { [%clk 00:24:03]  [%emt 00:07:51]}
21... Nc6 {[%clk 00:27:27]  [%emt 00:07:13]} 22. Bc7 {[%clk 00:17:56]  [%emt
00:06:38]} 22... Ra7 { [%clk 00:18:38]  [%emt 00:09:17]} 23. Bb6 {[%clk
00:17:45]  [%emt 00:00:43]} 23... Ra8 {[%clk 00:18:48]  [%emt 00:00:19]} 24.
Na4 { [%clk 00:17:09]  [%emt 00:01:06]} 24... e5 {[%clk 00:17:59]  [%emt
00:01:19]} 25. Bc7 {[%clk 00:13:40]  [%emt 00:03:59]} 25... Be6 { [%clk
00:17:04]  [%emt 00:01:25]} 26. Nb6 {[%clk 00:13:26]  [%emt 00:00:45]} 26...
Re8 {[%clk 00:17:16]  [%emt 00:00:18]} 27. Bxc6 { [%clk 00:11:00]  [%emt
00:02:55]} 27... bxc6 {[%clk 00:17:34]  [%emt 00:00:12]} 28. Bxe5 {[%clk
00:08:41]  [%emt 00:02:50]} 28... Bxh3 { [%clk 00:16:48]  [%emt 00:01:16]} 29.
Nc4 {[%clk 00:08:37]  [%emt 00:00:33]} 29... Be6 {[%clk 00:15:31]  [%emt
00:01:47]} 30. Ne3 { [%clk 00:05:59]  [%emt 00:03:08]} 1/2-1/2

[Event "DVM U20w 2020"]
[Site "Willingen GER"]
[Date "2021.06.26"]
[Round "6"]
[White "Visvikis, Kassandra"]
[Black "Schmidt, Merle"]
[Result "1/2-1/2"]
[Termination "normal"]
[Board "4.4"]
[WhiteElo "1610"]
[BlackElo "1199"]
[WhiteClock "01:15:46"]
[BlackClock "00:54:57"]
[WhiteTeam "OSG Baden-Baden"]
[BlackTeam "SK Langen"]
[PlyCount "41"]
[WhiteFideId "36052167"]
[BlackFideId "16291999"]
[EventCountry "GER"]
[EventRounds "7"]
[EventType "team-swiss"]
[EventDate "2021.06.23"]

1. e4 {[%clk 01:30:58]  [%emt 00:00:03]} 1... e5 { [%clk 01:30:55]  [%emt
00:00:05]} 2. Nf3 {[%clk 01:31:24]  [%emt 00:00:04]} 2... Nc6 {[%clk 01:31:19] 
[%emt 00:00:06]} 3. Bc4 { [%clk 01:31:51]  [%emt 00:00:03]} 3... Nf6 {[%clk
01:30:56]  [%emt 00:00:53]} 4. Ng5 {[%clk 01:32:10]  [%emt 00:00:10]} 4... d5 {
[%clk 01:31:20]  [%emt 00:00:06]} 5. exd5 {[%clk 01:32:30]  [%emt 00:00:11]}
5... Nxd5 {[%clk 01:31:07]  [%emt 00:00:42]} 6. Qf3 { [%clk 01:31:27]  [%emt
00:01:34]} 6... Qxg5 {[%clk 01:21:47]  [%emt 00:09:50]} 7. Bxd5 {[%clk
01:31:52]  [%emt 00:00:05]} 7... Qf6 { [%clk 01:21:26]  [%emt 00:00:50]} 8.
Qxf6 {[%clk 01:29:35]  [%emt 00:02:47]} 8... gxf6 {[%clk 01:21:47]  [%emt
00:00:09]} 9. a3 { [%clk 01:29:22]  [%emt 00:00:44]} 9... Nd4 {[%clk 01:19:07] 
[%emt 00:03:09]} 10. Kd1 {[%clk 01:25:42]  [%emt 00:04:10]} 10... c6 { [%clk
01:17:20]  [%emt 00:02:17]} 11. Be4 {[%clk 01:25:20]  [%emt 00:00:53]} 11... f5
{[%clk 01:16:40]  [%emt 00:01:09]} 12. Bd3 { [%clk 01:25:35]  [%emt 00:00:15]}
12... e4 {[%clk 01:13:30]  [%emt 00:03:41]} 13. Bc4 {[%clk 01:24:45]  [%emt
00:01:19]} 13... Be6 { [%clk 01:13:16]  [%emt 00:00:45]} 14. Bxe6 {[%clk
01:24:51]  [%emt 00:00:24]} 14... fxe6 {[%clk 01:13:33]  [%emt 00:00:12]} 15.
b4 { [%clk 01:21:44]  [%emt 00:03:38]} 15... Rg8 {[%clk 01:07:17]  [%emt
00:06:45]} 16. g3 {[%clk 01:21:07]  [%emt 00:01:07]} 16... O-O-O { [%clk
01:05:49]  [%emt 00:01:59]} 17. Re1 {[%clk 01:18:59]  [%emt 00:02:37]} 17...
Nf3 {[%emt 00:04:14]} 18. Rh1 {[%clk 01:18:37]} 18... h5 { [%clk 01:00:05] 
[%emt 00:03:22]} 19. Ke2 {[%clk 01:15:34]  [%emt 00:03:34]} 19... Nd4+ {[%clk
00:54:41]  [%emt 00:05:54]} 20. Kd1 { [%clk 01:15:51]  [%emt 00:00:13]} 20...
Nf3 {[%clk 00:54:57]  [%emt 00:00:14]} 21. Ke2 {[%clk 01:15:46]  [%emt
00:00:35]} 1/2-1/2

[Event "DVM U20w 2020"]
[Site "Willingen GER"]
[Date "2021.06.26"]
[Round "6"]
[White "Ulrich, Helena Irene"]
[Black "Wagner, Margarethe"]
[Result "0-1"]
[Termination "normal"]
[Board "5.1"]
[WhiteElo "1586"]
[BlackElo "1841"]
[WhiteClock "00:09:18"]
[BlackClock "00:16:27"]
[WhiteTeam "SC Borussia Lichtenberg 1"]
[BlackTeam "Erfurter Schachklub"]
[PlyCount "90"]
[WhiteFideId "16256000"]
[BlackFideId "16236947"]
[EventCountry "GER"]
[EventRounds "7"]
[EventType "team-swiss"]
[EventDate "2021.06.23"]

1. e4 {[%clk 01:30:58]  [%emt 00:00:02]} 1... c5 { [%clk 01:30:54]  [%emt
00:00:06]} 2. Nf3 {[%clk 01:31:25]  [%emt 00:00:03]} 2... d6 {[%clk 01:31:17] 
[%emt 00:00:07]} 3. d4 { [%clk 01:31:52]  [%emt 00:00:04]} 3... cxd4 {[%clk
01:31:41]  [%emt 00:00:06]} 4. Nxd4 {[%clk 01:32:18]  [%emt 00:00:04]} 4... Nf6
{ [%clk 01:32:00]  [%emt 00:00:10]} 5. Nc3 {[%clk 01:32:41]  [%emt 00:00:06]}
5... a6 {[%clk 01:32:24]  [%emt 00:00:07]} 6. Be3 { [%clk 01:33:05]  [%emt
00:00:05]} 6... e5 {[%clk 01:32:20]  [%emt 00:00:35]} 7. Nb3 {[%clk 01:33:29] 
[%emt 00:00:06]} 7... Be7 { [%clk 01:32:37]  [%emt 00:00:13]} 8. f3 {[%clk
01:33:53]  [%emt 00:00:05]} 8... Be6 {[%clk 01:32:47]  [%emt 00:00:21]} 9. Qd2
{[%clk 01:34:14]  [%emt 00:00:08] } 9... O-O {[%clk 01:32:55]  [%emt 00:00:23]}
10. O-O-O { [%clk 01:34:26]  [%emt 00:00:18]} 10... Nbd7 {[%clk 01:32:57] 
[%emt 00:00:27]} 11. g4 {[%clk 01:34:41]  [%emt 00:00:16]} 11... b5 { [%clk
01:33:06]  [%emt 00:00:20]} 12. g5 {[%clk 01:34:44]  [%emt 00:00:27]} 12... Nh5
{[%clk 01:33:02]  [%emt 00:00:34]} 13. Rg1 { [%clk 01:25:15]  [%emt 00:09:59]}
13... Nb6 {[%clk 01:28:39]  [%emt 00:04:53]} 14. Kb1 {[%clk 01:16:47]  [%emt
00:08:59]} 14... Qc7 { [%clk 01:20:21]  [%emt 00:08:49]} 15. Nd5 {[%clk
00:57:17]  [%emt 00:19:58]} 15... Bxd5 {[%clk 01:14:29]  [%emt 00:06:22]} 16.
exd5 { [%clk 00:57:33]  [%emt 00:00:13]} 16... g6 {[%clk 00:59:17]  [%emt
00:15:43]} 17. Qf2 {[%clk 00:15:51]  [%emt 00:42:12]} 17... Rab8 { [%clk
00:44:39]  [%emt 00:15:09]} 18. h4 {[%clk 00:08:40]  [%emt 00:07:41]} 18... Nc4
{[%clk 00:42:51]  [%emt 00:02:18]} 19. Nd2 {[%emt 00:05:34]} 19... Nxe3 {[%clk
00:39:47]  [%emt 00:03:32]} 20. Qxe3 { [%clk 00:04:02]  [%emt 00:00:06]} 20...
Rfc8 {[%clk 00:37:00]  [%emt 00:03:16]} 21. Bd3 {[%clk 00:02:50]  [%emt
00:01:42]} 21... a5 { [%clk 00:34:50]  [%emt 00:02:40]} 22. Ne4 {[%clk
00:02:12]  [%emt 00:01:09]} 22... Kg7 {[%clk 00:28:09]  [%emt 00:07:10]} 23.
Ng3 { [%clk 00:01:28]  [%emt 00:01:15]} 23... Nf4 {[%clk 00:22:19]  [%emt
00:06:19]} 24. Ne2 {[%clk 00:01:02]  [%emt 00:00:57]} 24... Nxd5 { [%clk
00:19:05]  [%emt 00:03:44]} 25. Qd2 {[%clk 00:00:45]  [%emt 00:00:47]} 25...
Nb4 {[%clk 00:18:01]  [%emt 00:01:34]} 26. Rc1 { [%clk 00:00:37]  [%emt
00:00:38]} 26... Nxd3 {[%clk 00:11:45]  [%emt 00:06:45]} 27. Qxd3 {[%clk
00:00:55]  [%emt 00:00:12]} 27... Qc4 { [%clk 00:11:33]  [%emt 00:00:42]} 28.
Qxc4 {[%clk 00:00:37]  [%emt 00:00:49]} 28... Rxc4 {[%emt 00:00:24]} 29. Rh1
{[%clk 00:00:37]  [%emt 00:00:28]} 29... b4 {[%clk 00:11:15]  [%emt 00:00:55]}
30. Ng3 {[%clk 00:00:36]  [%emt 00:00:32] } 30... d5 {[%clk 00:07:37]  [%emt
00:04:07]} 31. Rce1 { [%clk 00:00:37]  [%emt 00:00:29]} 31... f6 {[%clk
00:06:31]  [%emt 00:01:37]} 32. gxf6+ {[%clk 00:00:43]  [%emt 00:00:24]} 32...
Bxf6 { [%clk 00:06:51]  [%emt 00:00:09]} 33. h5 {[%clk 00:01:04]  [%emt
00:00:09]} 33... Rbc8 {[%clk 00:06:28]  [%emt 00:00:53]} 34. Re2 { [%clk
00:00:55]  [%emt 00:00:39]} 34... a4 {[%clk 00:05:47]  [%emt 00:01:11]} 35.
hxg6 {[%clk 00:00:37]  [%emt 00:00:49]} 35... hxg6 { [%clk 00:06:05]  [%emt
00:00:11]} 36. Rd1 {[%clk 00:00:36]  [%emt 00:00:31]} 36... R8c5 {[%clk
00:05:54]  [%emt 00:00:41]} 37. Red2 { [%clk 00:00:36]  [%emt 00:00:31]} 37...
Rf4 {[%clk 00:02:29]  [%emt 00:03:55]} 38. Rd3 {[%clk 00:00:34]  [%emt
00:00:32]} 38... d4 { [%clk 00:01:30]  [%emt 00:01:29]} 39. Ne4 {[%clk
00:00:39]  [%emt 00:00:24]} 39... Rc6 {[%clk 00:01:43]  [%emt 00:00:18]} 40. a3
{ [%clk 00:00:35]  [%emt 00:00:34]} 40... Be7 {[%clk 00:01:40]  [%emt
00:00:32]} 41. Re1 {[%clk 00:23:13]  [%emt 00:07:52]} 41... bxa3 { [%clk
00:24:11]  [%emt 00:08:00]} 42. bxa3 {[%clk 00:23:32]  [%emt 00:00:10]} 42...
Rf8 {[%clk 00:23:13]  [%emt 00:01:29]} 43. Rg1 { [%clk 00:17:55]  [%emt
00:06:06]} 43... Rh8 {[%clk 00:19:41]  [%emt 00:04:03]} 44. Rc1 {[%clk
00:11:29]  [%emt 00:06:55]} 44... Rh2 { [%clk 00:18:39]  [%emt 00:01:33]} 45.
Ng3 {[%clk 00:09:18]  [%emt 00:02:40]} 45... Bg5 {[%clk 00:16:27]  [%emt
00:02:42]} 0-1

[Event "DVM U20w 2020"]
[Site "Willingen GER"]
[Date "2021.06.26"]
[Round "6"]
[White "Wagner, Victoria"]
[Black "Berghold, Lotta"]
[Result "1/2-1/2"]
[Termination "normal"]
[Board "5.2"]
[WhiteElo "1727"]
[BlackElo "1387"]
[WhiteClock "00:04:34"]
[BlackClock "00:29:04"]
[WhiteTeam "Erfurter Schachklub"]
[BlackTeam "SC Borussia Lichtenberg 1"]
[PlyCount "53"]
[WhiteFideId "16232348"]
[BlackFideId "16243463"]
[EventCountry "GER"]
[EventRounds "7"]
[EventType "team-swiss"]
[EventDate "2021.06.23"]

1. e4 {[%clk 01:30:57]  [%emt 00:00:02]} 1... g6 { [%clk 01:30:51]  [%emt
00:00:10]} 2. d4 {[%clk 01:31:01]  [%emt 00:00:26]} 2... Bg7 {[%clk 01:31:16] 
[%emt 00:00:05]} 3. Be3 {[%clk 01:30:19]  [%emt 00:01:12] } 3... c5 {[%clk
01:31:27]  [%emt 00:00:19]} 4. Nc3 { [%clk 01:29:56]  [%emt 00:00:53]} 4... Nc6
{[%clk 01:28:46]  [%emt 00:03:11]} 5. d5 {[%clk 01:21:02]  [%emt 00:09:24]}
5... Nd4 { [%clk 01:28:26]  [%emt 00:00:51]} 6. Nf3 {[%clk 01:14:52]  [%emt
00:06:39]} 6... Nxf3+ {[%clk 01:28:17]  [%emt 00:00:38]} 7. gxf3 { [%clk
01:10:35]  [%emt 00:04:48]} 7... d6 {[%clk 01:26:44]  [%emt 00:02:03]} 8. Bb5+
{[%clk 01:06:07]  [%emt 00:04:58]} 8... Bd7 { [%clk 01:26:57]  [%emt 00:00:17]}
9. Bxd7+ {[%clk 01:06:21]  [%emt 00:00:17]} 9... Qxd7 {[%clk 01:27:24]  [%emt
00:00:03]} 10. Qd2 { [%clk 01:06:19]  [%emt 00:00:30]} 10... b5 {[%clk
01:25:39]  [%emt 00:02:16]} 11. a3 {[%clk 00:54:36]  [%emt 00:12:14]} 11... Qb7
{ [%clk 01:22:47]  [%emt 00:03:21]} 12. Nd1 {[%clk 00:42:37]  [%emt 00:12:30]}
12... Nf6 {[%clk 01:10:27]  [%emt 00:12:49]} 13. Bh6 { [%clk 00:40:09]  [%emt
00:02:58]} 13... O-O {[%clk 01:10:43]  [%emt 00:00:15]} 14. Bxg7 {[%clk
00:39:30]  [%emt 00:01:09]} 14... Kxg7 { [%clk 01:11:01]  [%emt 00:00:11]} 15.
Ne3 {[%clk 00:38:59]  [%emt 00:01:01]} 15... c4 {[%clk 01:06:22]  [%emt
00:05:09]} 16. Rg1 { [%clk 00:28:02]  [%emt 00:11:25]} 16... Kh8 {[%clk
00:59:35]  [%emt 00:07:19]} 17. Ng4 {[%clk 00:23:35]  [%emt 00:04:57]} 17...
Nxg4 { [%clk 00:54:49]  [%emt 00:05:17]} 18. fxg4 {[%clk 00:23:46]  [%emt
00:00:18]} 18... e5 {[%clk 00:53:17]  [%emt 00:02:02]} 19. Rg3 { [%clk
00:15:45]  [%emt 00:08:30]} 19... f5 {[%clk 00:47:30]  [%emt 00:06:17]} 20.
exf5 {[%clk 00:15:50]  [%emt 00:00:25]} 20... gxf5 { [%clk 00:47:24]  [%emt
00:00:37]} 21. g5 {[%clk 00:16:12]  [%emt 00:00:08]} 21... Rg8 {[%clk 00:42:43]
 [%emt 00:05:11]} 22. h4 { [%clk 00:15:01]  [%emt 00:01:40]} 22... Qf7 {[%clk
00:42:05]  [%emt 00:01:08]} 23. O-O-O {[%clk 00:12:39]  [%emt 00:02:53]} 23...
f4 { [%clk 00:41:01]  [%emt 00:01:33]} 24. Rg2 {[%clk 00:11:07]  [%emt
00:01:58]} 24... Rg7 {[%clk 00:37:21]  [%emt 00:04:15]} 25. c3 { [%clk
00:06:20]  [%emt 00:05:16]} 25... Qf5 {[%clk 00:35:18]  [%emt 00:02:33]} 26.
Rdg1 {[%clk 00:05:27]  [%emt 00:01:20]} 26... Rag8 { [%clk 00:29:04]  [%emt
00:06:46]} 27. f3 {[%clk 00:04:34]  [%emt 00:01:25]} 1/2-1/2

[Event "DVM U20w 2020"]
[Site "Willingen GER"]
[Date "2021.06.26"]
[Round "6"]
[White "Relógio Stauber, Anna"]
[Black "Krömer, Paulina"]
[Result "0-1"]
[Termination "normal"]
[Board "5.3"]
[WhiteElo "1229"]
[BlackElo "1539"]
[WhiteClock "00:12:46"]
[BlackClock "00:21:35"]
[WhiteTeam "SC Borussia Lichtenberg 1"]
[BlackTeam "Erfurter Schachklub"]
[PlyCount "90"]
[WhiteFideId "16255771"]
[BlackFideId "16212363"]
[EventCountry "GER"]
[EventRounds "7"]
[EventType "team-swiss"]
[EventDate "2021.06.23"]

1. d4 {[%clk 01:30:58]  [%emt 00:00:02]} 1... d5 { [%clk 01:30:52]  [%emt
00:00:09]} 2. Nf3 {[%clk 01:31:21]  [%emt 00:00:06]} 2... e6 {[%clk 01:31:08] 
[%emt 00:00:14]} 3. e3 { [%clk 01:31:34]  [%emt 00:00:17]} 3... f5 {[%clk
01:31:13]  [%emt 00:00:25]} 4. c4 {[%clk 01:31:14]  [%emt 00:00:50]} 4... Nf6 {
[%clk 01:31:02]  [%emt 00:00:42]} 5. Bd3 {[%clk 01:30:45]  [%emt 00:00:58]}
5... c6 {[%clk 01:29:16]  [%emt 00:02:16]} 6. Nc3 { [%clk 01:30:08]  [%emt
00:01:07]} 6... Bd6 {[%clk 01:29:23]  [%emt 00:00:23]} 7. O-O {[%clk 01:29:41] 
[%emt 00:00:57]} 7... O-O { [%clk 01:29:39]  [%emt 00:00:15]} 8. Qe2 {[%clk
01:26:24]  [%emt 00:03:46]} 8... Ne4 {[%clk 01:28:45]  [%emt 00:01:24]} 9. Nd2
{ [%clk 01:24:46]  [%emt 00:02:08]} 9... Nd7 {[%clk 01:21:35]  [%emt 00:07:41]}
10. f3 {[%clk 01:23:43]  [%emt 00:01:33]} 10... Ng5 { [%clk 01:11:59]  [%emt
00:10:06]} 11. e4 {[%clk 01:21:43]  [%emt 00:02:30]} 11... Bc7 {[%clk 01:09:44]
 [%emt 00:02:44]} 12. exd5 { [%clk 01:18:49]  [%emt 00:03:23]} 12... exd5
{[%clk 01:09:35]  [%emt 00:00:40]} 13. cxd5 {[%clk 01:17:52]  [%emt 00:01:28]}
13... Nf6 { [%clk 01:08:21]  [%emt 00:01:44]} 14. dxc6 {[%clk 01:16:12]  [%emt
00:02:08]} 14... Qxd4+ {[%clk 01:07:28]  [%emt 00:01:24]} 15. Kh1 { [%clk
01:15:37]  [%emt 00:01:05]} 15... Qh4 {[%emt 00:10:52]} 16. g3 { [%clk
01:11:55]  [%emt 00:04:11]} 16... Bxg3 {[%clk 00:55:11]  [%emt 00:02:26]} 17.
Nc4 {[%clk 01:01:24]  [%emt 00:11:00]} 17... Ne6 { [%clk 00:50:45]  [%emt
00:04:58]} 18. Bd2 {[%clk 00:51:35]  [%emt 00:10:18]} 18... bxc6 {[%clk
00:49:19]  [%emt 00:01:55]} 19. Kg1 { [%clk 00:44:49]  [%emt 00:07:17]} 19...
Nf4 {[%clk 00:47:00]  [%emt 00:02:49]} 20. Bxf4 {[%clk 00:42:43]  [%emt
00:02:36]} 20... Bxf4 { [%clk 00:47:25]  [%emt 00:00:05]} 21. Rf2 {[%clk
00:40:24]  [%emt 00:02:49]} 21... Re8 {[%clk 00:45:37]  [%emt 00:02:18]} 22.
Qc2 { [%clk 00:38:59]  [%emt 00:01:54]} 22... Ba6 {[%clk 00:41:10]  [%emt
00:04:58]} 23. Ne2 {[%clk 00:34:24]  [%emt 00:05:04]} 23... Bc7 { [%clk
00:37:29]  [%emt 00:04:11]} 24. Rg2 {[%clk 00:32:17]  [%emt 00:02:38]} 24...
Nd5 {[%clk 00:30:24]  [%emt 00:07:35]} 25. b3 { [%clk 00:25:19]  [%emt
00:07:27]} 25... Re7 {[%clk 00:23:55]  [%emt 00:07:00]} 26. Bxf5 {[%clk
00:18:32]  [%emt 00:07:17]} 26... Bxc4 { [%clk 00:22:14]  [%emt 00:02:11]} 27.
Qxc4 {[%clk 00:17:51]  [%emt 00:01:11]} 27... Qxc4 {[%clk 00:22:17]  [%emt
00:00:28]} 28. bxc4 { [%clk 00:18:13]  [%emt 00:00:08]} 28... Ne3 {[%clk
00:22:25]  [%emt 00:00:21]} 29. Rg5 {[%clk 00:17:10]  [%emt 00:01:32]} 29...
Nxf5 { [%clk 00:22:31]  [%emt 00:00:25]} 30. Ng3 {[%clk 00:14:51]  [%emt
00:02:49]} 30... Nxg3 {[%clk 00:22:47]  [%emt 00:00:14]} 31. hxg3 { [%clk
00:15:13]  [%emt 00:00:08]} 31... Rae8 {[%clk 00:22:59]  [%emt 00:00:17]} 32.
Kg2 {[%clk 00:14:47]  [%emt 00:00:57]} 32... Re2+ { [%clk 00:22:15]  [%emt
00:01:14]} 33. Kh3 {[%clk 00:14:58]  [%emt 00:00:19]} 33... Rc2 {[%clk
00:22:10]  [%emt 00:00:35]} 34. Rc5 { [%clk 00:13:59]  [%emt 00:01:28]} 34...
Re6 {[%clk 00:21:50]  [%emt 00:00:50]} 35. f4 {[%clk 00:13:35]  [%emt
00:00:54]} 35... Bb6 { [%clk 00:21:54]  [%emt 00:00:27]} 36. Rf5 {[%clk
00:13:26]  [%emt 00:00:39]} 36... Rxc4 {[%clk 00:22:01]  [%emt 00:00:23]} 37.
Rd1 { [%clk 00:13:32]  [%emt 00:00:24]} 37... Rd4 {[%clk 00:21:06]  [%emt
00:01:25]} 38. Rb1 {[%clk 00:13:10]  [%emt 00:00:52]} 38... Rd5 { [%clk
00:20:02]  [%emt 00:01:34]} 39. Rxd5 {[%clk 00:13:16]  [%emt 00:00:24]} 39...
cxd5 {[%clk 00:20:25]  [%emt 00:00:07]} 40. Rd1 { [%clk 00:13:16]  [%emt
00:00:29]} 40... d4 {[%clk 00:20:42]  [%emt 00:00:14]} 41. Kg4 {[%clk 00:13:06]
 [%emt 00:00:40]} 41... Re2 { [%clk 00:20:21]  [%emt 00:00:51]} 42. Ra1 {[%clk
00:12:35]  [%emt 00:01:01]} 42... d3 {[%clk 00:20:42]  [%emt 00:00:10]} 43. Kf3
{ [%clk 00:12:46]  [%emt 00:00:18]} 43... Re3+ {[%clk 00:20:53]  [%emt
00:00:19]} 44. Kf2 {[%clk 00:12:41]  [%emt 00:00:35]} 44... d2 { [%clk
00:21:16]  [%emt 00:00:07]} 45. Kf1 {[%clk 00:12:46]  [%emt 00:00:25]} 45...
Ba5 {[%clk 00:21:35]  [%emt 00:00:11]} 0-1

[Event "DVM U20w 2020"]
[Site "Willingen GER"]
[Date "2021.06.26"]
[Round "6"]
[White "Mundt, Alexandra"]
[Black "Stelter, Finja"]
[Result "1-0"]
[Termination "normal"]
[Board "6.1"]
[WhiteElo "1768"]
[BlackElo "1133"]
[WhiteTeam "SK Doppelbauer Kiel"]
[BlackTeam "SK Lehrte von 1919 e. V."]
[PlyCount "111"]
[WhiteFideId "16217276"]
[BlackFideId "16298624"]
[EventCountry "GER"]
[EventRounds "7"]
[EventType "team-swiss"]
[EventDate "2021.06.23"]

1. e4 c5 2. Nf3 Nc6 3. d4 cxd4 4. Nxd4 g6 5. Nc3 Bg7 6. Be3 Nf6 7. Bc4 O-O 8.
Bb3 d6 9. f3 Nd7 10. Qd2 Nc5 11. h4 Nxd4 12. Bxd4 Nxb3 13. cxb3 Bxd4 14. Qxd4
e5 15. Qd2 f5 16. O-O-O fxe4 17. h5 exf3 18. hxg6 Qf6 19. Nd5 Qg7 20. Rxh7 Qxg6
21. Ne7+ Kxh7 22. Nxg6 Kxg6 23. gxf3 Bf5 24. Rg1+ Kf7 25. Qd5+ Kf6 26. Qxb7
Rac8+ 27. Kd1 Rf7 28. Qb4 Rfc7 29. Ke2 Rc2+ 30. Ke3 Rxb2 31. Qxd6+ Be6 32. Rg6+
Kxg6 33. Qxe6+ Kg5 34. Qxe5+ Kg6 35. Qxb2 Re8+ 36. Kf2 Kf5 37. Qd4 a5 38. Qd7+
Re6 39. a3 Kf6 40. b4 axb4 41. axb4 Re7 42. Qd4+ Kf7 43. b5 Ke8 44. b6 Kf7 45.
Qd5+ Kf8 46. b7 Re8 47. Qd6+ Kf7 48. b8=Q Rxb8 49. Qxb8 Kg6 50. Qe5 Kh6 51. Kg3
Kg6 52. Kg4 Kh6 53. Qg5+ Kh7 54. Kf5 Kh8 55. Kf6 Kh7 56. Qg7# 1-0

[Event "DVM U20w 2020"]
[Site "Willingen GER"]
[Date "2021.06.26"]
[Round "6"]
[White "Thiele, Lea-Marie"]
[Black "Rempe, Mieke"]
[Result "0-1"]
[Termination "normal"]
[Board "6.2"]
[WhiteElo "1263"]
[BlackElo "1669"]
[WhiteTeam "SK Lehrte von 1919 e. V."]
[BlackTeam "SK Doppelbauer Kiel"]
[PlyCount "118"]
[WhiteFideId "16298616"]
[BlackFideId "16202384"]
[EventCountry "GER"]
[EventRounds "7"]
[EventType "team-swiss"]
[EventDate "2021.06.23"]

1. d4 Nf6 2. c4 e6 3. Nc3 Bb4 4. Nf3 O-O 5. e3 d5 6. cxd5 exd5 7. Bd2 Bg4 8.
Bd3 Re8 9. h3 Bh5 10. g4 Bg6 11. Bxg6 hxg6 12. Ne5 Nbd7 13. f4 Bxc3 14. Bxc3
Ne4 15. g5 Nxe5 16. dxe5 c5 17. h4 b5 18. h5 b4 19. Bd2 Ng3 20. Rh3 Nxh5 21.
Qg4 Qc8 22. Qf3 Rd8 23. f5 d4 24. e4 Qb7 25. O-O-O c4 26. Rdh1 c3 27. Be1 d3
28. Kb1 d2 29. Bxd2 Rxd2 30. R3h2 Rxh2 31. Rxh2 Rd8 32. a3 bxa3 33. Qxc3 Qxe4+
34. Rc2 Rd1+ 35. Ka2 Qxf5 36. b4 Qe6+ 37. Qc4 Qxe5 38. Kxa3 Ra1+ 39. Ra2 Rxa2+
40. Kxa2 Qe6 41. Qxe6 fxe6 42. Kb2 Ng3 43. Kc3 Ne4+ 44. Kd4 Nxg5 45. Ke5 Kf7
46. b5 Ke7 47. Kf4 Nf7 48. Ke4 Nd6+ 49. Kf4 Nxb5 50. Kg5 a5 51. Kxg6 a4 52.
Kxg7 a3 53. Kg6 a2 54. Kg5 a1=Q 55. Kf4 Qd4+ 56. Kg5 Qe4 57. Kh6 Qg4 58. Kh7
Kf7 59. Kh6 Qg6# 0-1